000
00266nam a22001217a 4500
008
170425b xxu||||| |||| 00| 0 eng d
041
_a
eng
080
_a
54
100
_a
12
101
_a
SHM
245
_a
HETEROCYCLIC COMPOUNDS
_c
ELDERFIELD, R.C
942
_2
udc
_c
BK
999
_c
11924
_d
11924